The Erl-king (Record no. 42328)

MARC details
000 -LEADER
fixed length control field 00638nam a2200181 a 4500
008 - FIXED-LENGTH DATA ELEMENTS--GENERAL INFORMATION
fixed length control field 120416s1972 ||||||||||||||||| || u
020 ## - INTERNATIONAL STANDARD BOOK NUMBER
International Standard Book Number 0002212129
050 ## - LIBRARY OF CONGRESS CALL NUMBER
Classification number PR 9105.O6E7
100 ## - MAIN ENTRY--PERSONAL NAME
Personal name Tournier, Michael
245 14 - TITLE STATEMENT
Title The Erl-king
Statement of responsibility, etc. translated from the French by Barbara Bray
246 ## - VARYING FORM OF TITLE
Title proper/short title Roi des Aulnes. English
260 ## - PUBLICATION, DISTRIBUTION, ETC.
Place of publication, distribution, etc. London:
Name of publisher, distributor, etc. Collins
Date of publication, distribution, etc. 1972
300 ## - PHYSICAL DESCRIPTION
Extent 318p.
350 ## - PRICE (NR) (BK AM CF MU VM SE) [OBSOLETE]
Price 0.00
500 ## - GENERAL NOTE
General note Translation of Le roi des Aulnes. Bibliographical references.
650 ## - SUBJECT ADDED ENTRY--TOPICAL TERM
Topical term or geographic name entry element LITERATURE
995 ## - RECOMMENDATION 995 [LOCAL, UNIMARC FRANCE]
-- 0.00
-- CBU-MAIN LIBRARY (Kitwe)
-- 1
-- 3.50
-- 1
-- AVAILABLE
-- Fiction Collection
Holdings
Withdrawn status Lost status Source of classification or shelving scheme Damaged status Not for loan Home library Current library Shelving location Date acquired Total Checkouts Full call number Barcode Date last seen Price effective from Koha item type
          CBU-MAIN LIBRARY, KITWE. CBU-MAIN LIBRARY, KITWE.   11/30/2022   PR 9105.O6E7 010533 11/30/2022 11/30/2022 MONOGRAPH